000 02225cam a2200349 a 4500
001 16560238
003 OSt
005 20180116183021.0
008 101202s2011 ii a b 001 0 eng
010 _a 2010048553
020 _a9788132105015 (paper back)
020 _a813210501X (paper back)
035 _a(OCoLC)ocn689548912
040 _aDLC
_cDLC
_dYDX
_dYDXCP
_dDKAGE
_dBWX
_dBWK
_dDLC
050 0 0 _aHD58.8
_b.M288 2011
082 0 0 _a658.4063 MAS 2010
_222
100 1 _aMascarenhas, Oswald A. J.
245 1 0 _aBusiness Transformation Strategies
_bthe strategic leader as innovation manager
_cOswald A.J. Mascarenhas.
260 _aNew Delhi ;
_aThousand Oaks, Calif. :
_bSAGE/Response Business Books,
_c2011.
300 _axxii, 657 p. :
_bill. ;
_c25 cm.
440 _aBusiness Transformation Strategies
504 _aIncludes bibliographical references and indexes.
505 0 _aAn introduction to business transformation strategies : concepts, constructs, and contexts -- Toward a philosophy of corporate transformation strategies -- The CEO as a strategic leader and critical thinker -- The CEO as strategic leader -- The CEO as a systems thinker -- The CEO as a critical thinker of simple strategic problems -- The CEO as a critical thinker of "wicked" strategic problems -- The CEO as strategic leader of innovation management -- The CEO as a strategic leader of creativity and innovation management -- The CEO as the strategic leader of corporate-wide innovation management -- The CEO as a strategic leader of innovative sustainable competitive advantage -- The CEO as a strategic leader of innovative management of corporate growth -- The CEO as a person of self-mastery through executive spiritual development -- The CEO as a strategic leader with a shared personal and corporate vision.
600 _aMascarenhas, Oswald A. J.
650 0 _aOrganizational change
_xManagement.
650 0 _aStrategic planning
_xManagement.
650 0 _aTechnological innovations
_xManagement.
650 0 _aLeadership.
906 _a7
_bcbc
_corignew
_d1
_eecip
_f20
_gy-gencatlg
942 _2ddc
_cBK
999 _c350565
_d350565